Les meilleurs buteurs de chaque nation sud-américaine - Statistiques

Statistiques générales
  • Ce quiz a été pris 55 fois
  • Le résultat moyen est 5 sur 10
Statistiques - réponses
Pays Buts Nom % Correct
Argentine 112 Lionel Messi
100%
Uruguay 69 Luis Suarez
96%
Brésil 79 Neymar
96%
Chili 51 Alexis Sanchez
76%
Colombie 36 Radamel Falcao
67%
Equateur 46 Enner Valencia
65%
Paraguay 32 Roque Santa Cruz
15%
Pérou 41 Paolo Guerrero
11%
Venezuela 45 Salomon Rondon
11%
Bolivie 31 Marcelo Moreno
7%
Aucun quiz correspondant
Distribution des résultats
% des personnes avec chaque résultat
Percentile par nombre de réponses
Votre historique - résultats
Vous n’avez pas pris ce quiz